Physical modelling in geotechnics: ICPMG '02 : proceedings of the International Conference on Physical Modelling in Geotechnics, ICPMG '02, St. John's, New Foundland, Canada, 10-12 July 2002 /

Papers cover topics including: physical modelling facilities; experimental advances; seismic experimental advances; education; soil behaviour; offshore systems; cold regions; geo-environment; dynamics; earthquake effects; and strategies for disaster reduction.

Bibliographic Details
Corporate Authors: International Conference on Physical Modelling in Geotechnics St. John's (N.L.)), Taylor & Francis
Other Authors: Phillips, R. (Editor), Guo, P. (Editor), Popescu, R. (Editor)
Format: Conference Proceeding eBook
Language:English
Published: Boca Raton : CRC Press, 2022.
Edition:First edition.
Subjects:
Online Access:Connect to the full text of this electronic book

MARC

Tag First Indicator Second Indicator Subfields
LEADER 00000cam a2200000 i 4500
001 in00005523913
006 m o d
007 cr cnu|||unuuu
008 221206s2022 flua ob 100 0 eng d
005 20241108165827.9
035 |a (OCoLC)on1353293095 
040 |a TYFRS  |b eng  |e rda  |e pn  |c TYFRS  |d TYFRS  |d OCLCF  |d OCLCO 
020 |a 9780203743362  |q (electronic bk.) 
020 |a 0203743369  |q (electronic bk.) 
020 |a 9781351424592  |q (electronic bk. : Mobipocket) 
020 |a 1351424599  |q (electronic bk. : Mobipocket) 
020 |a 9781351424608  |q (electronic bk. : EPUB) 
020 |a 1351424602  |q (electronic bk. : EPUB) 
020 |z 9789058093899 
020 |a 9781351424615  |q (electronic bk. : PDF) 
020 |a 1351424610  |q (electronic bk. : PDF) 
024 7 |a 10.1201/9780203743362  |2 doi 
035 |a (OCoLC)1353293095 
037 |a 9780203743362  |b Taylor & Francis 
050 4 |a TD171.9 
082 0 4 |a 628  |2 23 
049 |a TXAM 
111 2 |a International Conference on Physical Modelling in Geotechnics  |d (2002 :  |c St. John's (N.L.)),  |j sponsoring body. 
245 1 0 |a Physical modelling in geotechnics: ICPMG '02 :  |b proceedings of the International Conference on Physical Modelling in Geotechnics, ICPMG '02, St. John's, New Foundland, Canada, 10-12 July 2002 /  |c edited by R. Phillips, P. Guo, R. Popescu (eds.). 
246 3 0 |a Physical modelling in geotechnics 
250 |a First edition. 
264 1 |a Boca Raton :  |b CRC Press,  |c 2022. 
300 |a 1 online resource :  |b illustrations 
336 |a text  |b txt  |2 rdacontent 
337 |a computer  |b c  |2 rdamedia 
338 |a online resource  |b cr  |2 rdacarrier 
504 |a Includes bibliographical references. 
520 |a Papers cover topics including: physical modelling facilities; experimental advances; seismic experimental advances; education; soil behaviour; offshore systems; cold regions; geo-environment; dynamics; earthquake effects; and strategies for disaster reduction. 
545 0 |a P. Guo C-CORE, Newfoundland, Canada, R. Phillips C-CORE, Newfoundland, Canada, R. Popescu Memorial University & C-CORE, Newfoundland, Canada 
588 0 |a Vendor-supplied metadata. 
650 0 |a Environmental geotechnology  |x Models  |v Congresses. 
655 7 |a Electronic books.  |2 local 
655 7 |a Conference papers and proceedings  |2 fast 
700 1 |a Phillips, R.,  |e editor. 
700 1 |a Guo, P.,  |e editor. 
700 1 |a Popescu, R.,  |e editor. 
710 2 |a Taylor & Francis. 
856 4 0 |u http://proxy.library.tamu.edu/login?url=https://www.taylorfrancis.com/books/9780203743362  |z Connect to the full text of this electronic book  |t 0 
955 |a Taylor and Francis ENGnetBASE 
994 |a 92  |b TXA 
999 f f |s ff7e2bde-24ed-4598-a807-519427f2e6c9  |i 0840ff89-a8fd-439d-84fc-a5ff90fcdb3b  |t 0 
952 f f |a Texas A&M University  |b College Station  |c Electronic Resources  |d Available Online  |t 0  |e TD171.9   |h Library of Congress classification 
998 f f |a TD171.9   |t 0  |l Available Online